Loading...
| Auditory Arts | 4 | 15.00 | 100% | 25% | 25% |
| Beliefs | 8 | 15.00 | 88% | 63% | 0% |
| Current Events | 5 | 12.00 | 100% | 20% | 0% |
| Fine Arts - Other Arts | 5 | 18.00 | 100% | 60% | 20% |
| Geography | 1 | 10.00 | 100% | 0% | 0% |
| History - American | 3 | 16.67 | 100% | 67% | 0% |
| History - Ancient | 3 | 16.67 | 67% | 67% | 33% |
| History - European | 4 | 12.50 | 100% | 25% | 0% |
| History - Other | 2 | 20.00 | 100% | 100% | 0% |
| History - World | 5 | 40.00 | 220% | 60% | 120% |
| Literature - American | 5 | 22.00 | 100% | 100% | 20% |
| Literature - British | 1 | 20.00 | 100% | 100% | 0% |
| Literature - European | 4 | 20.00 | 100% | 75% | 25% |
| Literature - World | 4 | 22.50 | 100% | 100% | 25% |
| Other Academic | 1 | 10.00 | 100% | 0% | 0% |
| Philosophy | 5 | 32.00 | 100% | 120% | 100% |
| Science - Biology | 6 | 11.67 | 100% | 17% | 0% |
| Science - Chemistry | 4 | 7.50 | 50% | 25% | 0% |
| Science - Other | 3 | 10.00 | 33% | 67% | 0% |
| Science - Physics | 2 | 55.00 | 200% | 200% | 150% |
| Social Science | 6 | 10.00 | 67% | 17% | 17% |
| Visual Arts | 2 | 25.00 | 100% | 100% | 50% |